00455 2200157 4500001002100000005001500021035002000036245009200056100002200148300002800170260004300198082000800241084001400249020002200263990001200285INLIS00000000000266320250903090824 a0010-09250000101 aYuk, Menghafal Alqur'an Dengan Mudah dan Menyenangkan /cUst. Farid Wadji Nakib, Lc,M.A0 aFarid Wadji Nakib a238 hlm ;c14,5 x 21 cm aJakarta :bEmir Cakrawala Islam,c2017 a200 a200 FAR y a978-602-0935-52-2 a0755359